Every Class 2 Virginia Senator - Statistics

General Stats
  • This quiz has been taken 14 times
  • The average score is 13 of 30
Answer Stats
Picture Hint Answer % Correct
R(1979-2009) John Warner
100%
D(2009-) Mark Warner
100%
AA(1789-1792) Richard Henry Lee
60%
D(1946-1966) Absalom W. Robertson
40%
R(1804-1804) Andrew Moore
40%
R(1816-1817) Armistead T. Mason
40%
AJ(1834-1836) Benjamin W. Leigh
40%
D(1920-1946) Carter Glass
40%
D(1892-1895) Eppa Hunton
40%
R(1883-1889) Harrison H. Riddleberger
40%
R(1794-1799) Henry Tazewell
40%
R(1819-1822) James Pleasants
40%
D(1889-1892) John S. Barbour Jr.
40%
U(1861-1870) John S. Carlile
40%
CRR(1822-1824) John Taylor
40%
AA(1792-1794) John Taylor
40%
R(1817-1819) John W. Eppes
40%
D(1870-1883) John W. Johnston
40%
J(1824-1832) Littleton W. Tazewell
40%
D(1836-1837) Richard E. Parker
40%
D(1847-1861) Robert M. T. Hunter
40%
D(1946-1946) Thomas G. Burch
40%
D(1895-1920) Thomas S. Martin
40%
R(1804-1816) William B. Giles
40%
D(1966-1973) William B. Spong Jr.
40%
J(1832-1834) William C. Rives
40%
D(1837-1841) William H. Roane
40%
R(1973-1979) William L. Scott
40%
W(1841-1847) William S. Archer
40%
R(1799-1804) Wilson C. Nicholas
40%
No matching quizzes found
Score Distribution
Percent of People with Each Score
Percentile by Number Answered
Your Score History
You have not taken this quiz